| 000 | 00621nam a22001937a 4500 | ||
|---|---|---|---|
| 003 | OSt | ||
| 005 | 20151105154141.0 | ||
| 008 | 130307t xxu||||| |||| 00| 0 eng d | ||
| 020 | _a1876543337 | ||
| 050 |
_aQA 157 _b.B661 2005 |
||
| 082 |
_aIB 510 _bM42ho 2005 |
||
| 100 | _aBlythe, Peter | ||
| 245 |
_aMathematics for the international student : _cPeter Blythe, Peter Joseph, Paul Urban, David Martin, Robert Haese, Michael Haese. _bmathematics HL (options) / |
||
| 260 |
_aAustralia : _b Haese & Harris Publications _c2005 |
||
| 300 |
_a416 pages. ; _c24.3 cm. |
||
| 562 | _e1 | ||
| 942 |
_2lcc _cBK |
||
| 999 |
_c2143 _d2143 |
||